Úvod do theorie funkcí komplexní proměnné

Hlavní autor: Černý, Ilja, 1929-
Jazyk: Čeština
Vydáno: Praha, 1962
Knihy
Uloženo v:
LEADER 00614nam a22001812a 4500
001 000146949
003 CZ BrMZK
005 19961101143423.0
007 ta
008 950101s1962 xr f cze d
040 |a BOA001  |b cze 
100 1 |a Černý, Ilja,  |d 1929-  |7 jk01021538 
245 1 0 |a Úvod do theorie funkcí komplexní proměnné 
260 |a Praha,  |c 1962 
910 |a BOA001  |b 4-0444.359-62 
990 |a BK 
996 6 |b 146949-10  |c 4-0444.359-62  |l MZK  |r Sklad / do 24 hodin  |n 0  |w 000146949  |u 000020  |a 1  |e BOA001  |j MZK50  |s P 
996 7 |b 2619921712  |c 4-0444.359-62  |l MZK  |r Sklad / do 24 hodin  |n 0  |w 000146949  |u 000010  |a 1  |e BOA001  |j MZK50  |s A